[Event "Crema op 03rd"]
[Site "Crema"]
[Date "2001.09.09"]
[Round "6"]
[White "Ausmins, Elmar"]
[Black "Ceresoli, Luigi"]
[Result "1-0"]
[WhiteElo "2345"]
[BlackElo "2176"]
[PlyCount "121"]
[EventDate "2001.09.07"]
[EventType "swiss"]
[EventRounds "6"]
[EventCountry "ITA"]
[SourceTitle "EXT 2007"]
[Source "ChessBase"]
[SourceDate "2006.11.23"]
[SourceVersion "1"]
[SourceVersionDate "2006.11.23"]
[SourceQuality "1"]

1. d4 Nf6 2. c4 e6 3. Nf3 b6 4. a3 Bb7 5. Nc3 Ne4 6. Nxe4 Bxe4 7. Nd2 Bb7 8. e4 Be7 9. Bd3 d6 10. 0-0 Bf6 11. Nf3 e5 12. d5 a5 13. b3 Nd7 14. Be3 0-0 15. b4 Qe7 16. Qc2 axb4 17. axb4 Rfc8 18. Qc3 Qf8 19. Nd2 c6 20. Qb3 Rxa1 21. Rxa1 Ra8 22. Ra3 Rxa3 23. Qxa3 Qa8 24. Qxa8+ Bxa8 25. Bc2 c5 26. Ba4 Nb8 27. Bb5 Bb7 28. bxc5 bxc5 29. f4 Kf8 30. Nf3 Na6 31. fxe5 Bxe5 32. Nxe5 dxe5 33. Kf2 Ke7 34. Ke2 Kd6 35. Kd3 Nc7 36. Ba4 Bc8 37. Kc3 Bg4 38. Bc2 Na8 39. Bd3 Nb6 40. h3 Bc8 41. Kb3 Ba6 42. Bd2 f5 43. exf5 Nxd5 44. g4 h6 45. h4 Nf4 46. Be4 Ne2 47. Bd5 Bc8 48. h5 Nd4+ 49. Kc3 Ke7 50. Kd3 Kf6 51. Be4 Bd7 52. Bd5 Ba4 53. Ba5 Kg5 54. Ke4 Kxg4 55. Bb6 Bc2+ 56. Kxe5 Nb3 57. Be6 Kxh5 58. Kf4 Bd3 59. Bd8 Nd2 60. Bf7+ g6 61. Bxg6# 1-0

[Event "Bratto op 21st"]
[Site "Bratto"]
[Date "2001.08.27"]
[Round "6"]
[White "Bresciani, Nicola"]
[Black "Ausmins, Elmar"]
[Result "0-1"]
[WhiteElo "2278"]
[BlackElo "2345"]
[PlyCount "98"]
[EventDate "2001.08.22"]
[EventType "swiss"]
[EventRounds "9"]
[EventCountry "ITA"]
[SourceTitle "EXT 2002"]
[Source "ChessBase"]
[SourceDate "2001.11.25"]
[SourceVersion "1"]
[SourceVersionDate "2001.11.25"]
[SourceQuality "1"]

1. e4 c5 2. Nf3 d6 3. d4 cxd4 4. Nxd4 Nf6 5. Nc3 Nc6 6. Be2 e5 7. Nf3 h6 8. 0-0 Be6 9. Re1 Be7 10. h3 a6 11. Bf1 0-0 12. a4 Rc8 13. Nd5 Nd7 14. c3 Na5 15. Be3 f5 16. exf5 Rxf5 17. Bd3 Rf8 18. Be4 Nc4 19. Bc1 Nc5 20. Nxe7+ Qxe7 21. Bd5 Bxd5 22. Qxd5+ Qf7 23. Rd1 Qxd5 24. Rxd5 Nb3 25. Rb1 Nxc1 26. Rxc1 Nxb2 27. Rxd6 Nxa4 28. Rb1 Rc7 29. c4 Nc3 30. Rb3 Ne4 31. Rdb6 Rxc4 32. Rb1 Nc3 33. Re1 e4 34. Rxb7 Rf5 35. Nd2 Ra4 36. f3 exf3 37. Nxf3 Nd5 38. Re8+ Kh7 39. Rbb8 Nf6 40. Re7 Re4 41. Ra7 Rb5 42. Rba8 Rb2 43. Rxa6 Ree2 44. Nh4 Nh5 45. Rf8 Rb4 46. g4 Nf4 47. Rxf4 Rxf4 48. Ra3 Rb4 49. Rg3 Rb1# 0-1

[Event "Bratto op 21st"]
[Site "Bratto"]
[Date "2001.08.26"]
[Round "5"]
[White "Ausmins, Elmar"]
[Black "Borgo, Giulio"]
[Result "0-1"]
[WhiteElo "2345"]
[BlackElo "2428"]
[PlyCount "60"]
[EventDate "2001.08.22"]
[EventType "swiss"]
[EventRounds "9"]
[EventCountry "ITA"]
[SourceTitle "EXT 2002"]
[Source "ChessBase"]
[SourceDate "2001.11.25"]
[SourceVersion "1"]
[SourceVersionDate "2001.11.25"]
[SourceQuality "1"]

1. d4 d5 2. c4 e6 3. Nc3 Nf6 4. Nf3 c6 5. Bg5 Nbd7 6. e3 Qa5 7. Nd2 Bb4 8. Qc2 0-0 9. Bh4 e5 10. dxe5 Ne4 11. f4 Nxc3 12. bxc3 Bxc3 13. 0-0-0 Nc5 14. Nb1 Bb4 15. g4 b5 16. cxb5 cxb5 17. Rd4 Ne4 18. f5 Bxf5 19. gxf5 Rfc8 20. Bc4 Rxc4 21. Rxc4 bxc4 22. Rg1 Rb8 23. Kd1 Bf8 24. Ke2 c3 25. Kf3 Rb2 26. Qd3 c2 27. Na3 Qd2 28. Qf1 Qxh2 29. Qc1 Qxh4 30. Rg2 Qh3+ 0-1

[Event "Bratto op 21st"]
[Site "Bratto"]
[Date "2001.08.24"]
[Round "3"]
[White "Ausmins, Elmar"]
[Black "Cebalo, Miso"]
[Result "1/2-1/2"]
[WhiteElo "2345"]
[BlackElo "2476"]
[PlyCount "97"]
[EventDate "2001.08.22"]
[EventType "swiss"]
[EventRounds "9"]
[EventCountry "ITA"]
[SourceTitle "EXT 2002"]
[Source "ChessBase"]
[SourceDate "2001.11.25"]
[SourceVersion "1"]
[SourceVersionDate "2001.11.25"]
[SourceQuality "1"]

1. d4 Nf6 2. c4 g6 3. Nc3 Bg7 4. e4 d6 5. Be2 0-0 6. Be3 a6 7. g4 b5 8. g5 Nfd7 9. cxb5 axb5 10. Bxb5 c5 11. Nge2 Ba6 12. Bxa6 Nxa6 13. h4 Qa5 14. Kf1 Rfb8 15. Rb1 Nc7 16. dxc5 Nxc5 17. Bd4 N7e6 18. Bxg7 Kxg7 19. Rh3 Ra7 20. f4 Rab7 21. f5 Nc7 22. f6+ exf6 23. gxf6+ Kxf6 24. Qd4+ Ke7 25. Rf3 Nd7 26. Rd1 Qa6 27. Qg7 Rf8 28. e5 Ne6 29. exd6+ Kd8 30. Qh6 Ne5 31. Qe3 Nxf3 32. Qxf3 f5 33. b3 Rb6 34. Qd5 Kd7 35. Qe5 Rxd6 36. Nd5 Rd8 37. b4 Kc8 38. b5 Qb7 39. Rc1+ Kd7 40. Qf6 Ke8 41. Rc7 Qxc7 42. Nxc7+ Nxc7 43. Qg7 Ne6 44. Qxh7 Rd1+ 45. Kf2 R8d2 46. Ke3 Rd3+ 47. Kf2 R3d2 48. Ke3 Rd3+ 49. Kf2 1/2-1/2

[Event "Bratto op 21st"]
[Site "Bratto"]
[Date "2001.08.22"]
[Round "1"]
[White "Ausmins, Elmar"]
[Black "Capece, Adolivio"]
[Result "1/2-1/2"]
[WhiteElo "2345"]
[BlackElo "2073"]
[PlyCount "86"]
[EventDate "2001.08.22"]
[EventType "swiss"]
[EventRounds "9"]
[EventCountry "ITA"]
[SourceTitle "EXT 2002"]
[Source "ChessBase"]
[SourceDate "2001.11.25"]
[SourceVersion "1"]
[SourceVersionDate "2001.11.25"]
[SourceQuality "1"]

1. d4 Nf6 2. c4 c5 3. d5 b5 4. cxb5 e6 5. Nc3 exd5 6. Nxd5 Bb7 7. Nxf6+ Qxf6 8. Nf3 d5 9. e3 Bd6 10. Be2 Nd7 11. 0-0 0-0 12. a4 Rfe8 13. a5 Rad8 14. Qc2 h6 15. Bd2 d4 16. b4 d3 17. Qxd3 Ne5 18. Qc2 Nxf3+ 19. Bxf3 Bxf3 20. gxf3 Qg5+ 21. Kh1 Qh5 22. f4 Qf3+ 23. Kg1 Re6 24. bxc5 Qg4+ 25. Kh1 Qf3+ 26. Kg1 Rg6+ 27. Qxg6 fxg6 28. cxd6 Qg4+ 29. Kh1 Qf3+ 30. Kg1 Rxd6 31. Bb4 Qg4+ 32. Kh1 Qf3+ 33. Kg1 Rd5 34. b6 Qg4+ 35. Kh1 Qf3+ 36. Kg1 axb6 37. axb6 Qg4+ 38. Kh1 Qf3+ 39. Kg1 Qg4+ 40. Kh1 Rb5 41. Bc3 Qf3+ 42. Kg1 Qg4+ 43. Kh1 Qf3+ 1/2-1/2

[Event "ITA-ch sf 61st"]
[Site "Limone Piemonte"]
[Date "2001.07.01"]
[Round "8"]
[White "Ausmins, Elmar"]
[Black "Brignone, Roberto"]
[Result "1-0"]
[WhiteElo "2335"]
[BlackElo "2171"]
[PlyCount "69"]
[EventDate "2001.06.24"]
[EventType "swiss"]
[EventRounds "8"]
[EventCountry "ITA"]
[SourceTitle "EXT 2002"]
[Source "ChessBase"]
[SourceDate "2001.11.25"]
[SourceVersion "1"]
[SourceVersionDate "2001.11.25"]
[SourceQuality "1"]

1. d4 d5 2. Nf3 Nf6 3. c4 dxc4 4. Nc3 a6 5. a4 Bf5 6. e3 e6 7. Bxc4 c6 8. 0-0 Nbd7 9. Re1 Ne4 10. Nxe4 Bxe4 11. Nd2 Bg6 12. e4 Nb6 13. Qb3 Be7 14. d5 Nxc4 15. Nxc4 cxd5 16. Nb6 d4 17. Nxa8 Qxa8 18. f4 Qc8 19. Bd2 Qd7 20. g4 h6 21. f5 Bh7 22. Bb4 e5 23. Qa3 f6 24. Rac1 d3 25. Bxe7 d2 26. Bd6 dxe1Q+ 27. Rxe1 Qc6 28. Kf2 Kd7 29. Bf8 Kc8 30. Re3 Qd7 31. Rc3+ Kb8 32. Bd6+ Ka8 33. Rc7 Qe8 34. Qb4 b5 35. Qc5 1-0

[Event "ITA-ch sf 61st"]
[Site "Limone Piemonte"]
[Date "2001.06.27"]
[Round "4"]
[White "Ausmins, Elmar"]
[Black "Astengo, Corrado"]
[Result "0-1"]
[WhiteElo "2335"]
[BlackElo "2106"]
[PlyCount "94"]
[EventDate "2001.06.24"]
[EventType "swiss"]
[EventRounds "8"]
[EventCountry "ITA"]
[SourceTitle "EXT 2002"]
[Source "ChessBase"]
[SourceDate "2001.11.25"]
[SourceVersion "1"]
[SourceVersionDate "2001.11.25"]
[SourceQuality "1"]

1. d4 d5 2. c4 c6 3. Nc3 Nf6 4. cxd5 cxd5 5. Bf4 Nc6 6. e3 a6 7. Bd3 e6 8. Rc1 Be7 9. Nf3 0-0 10. h3 b5 11. 0-0 Bb7 12. Bb1 Rc8 13. a3 h6 14. Nd2 Na5 15. Be5 Nd7 16. Bf4 Nf6 17. Qf3 Qd7 18. Rcd1 Nc4 19. Nxc4 bxc4 20. g4 Ne8 21. h4 Bxh4 22. Kg2 Qe7 23. Rh1 Bg5 24. Bxg5 Qxg5 25. Rh5 Qe7 26. g5 g6 27. gxh6 gxh5 28. Rg1 Kh8 29. Kf1 Rg8 30. Rxg8+ Kxg8 31. Ne2 Kh8 32. Nf4 Nf6 33. Qg3 Rg8 34. Qh4 Rg4 35. Qh2 c3 36. h7 Ne4 37. Bd3 Qg5 38. Nh3 Qd8 39. Qe5+ Rg7 40. Nf4 Qg5 41. Qb8+ Kxh7 42. Bxe4+ dxe4 43. Qxb7 f5 44. Qb3 Qg1+ 45. Ke2 Qg4+ 46. Ke1 Qf3 47. Kf1 cxb2 0-1

[Event "Verona op 7th"]
[Site "Verona"]
[Date "2001.01.06"]
[Round "7"]
[White "Ausmins, Elmar"]
[Black "Rossi, Carlo"]
[Result "1-0"]
[WhiteElo "2335"]
[BlackElo "2418"]
[PlyCount "75"]
[EventDate "2001.01.02"]
[EventType "swiss"]
[EventRounds "7"]
[EventCountry "ITA"]
[SourceTitle "EXT 2024"]
[Source "ChessBase"]
[SourceDate "2023.10.10"]
[SourceVersion "1"]
[SourceVersionDate "2023.10.10"]
[SourceQuality "1"]

1. d4 Nf6 2. Nf3 c5 3. d5 c4 4. Nc3 Qa5 5. Qd4 b5 6. Nd2 e6 7. e4 Na6 8. a4 Nb4 9. Kd1 a6 10. b3 Qc7 11. axb5 Bc5 12. Qxc4 Ng4 13. Ba3 Nxf2+ 14. Kc1 Qd6 15. e5 exd5 16. exd6 dxc4 17. Nde4 Nbd3+ 18. Bxd3 Bxa3+ 19. Rxa3 Nxh1 20. Bxc4 Bb7 21. bxa6 0-0 22. Kb2 Bc6 23. Ra1 Rae8 24. a7 Ra8 25. Rxh1 Rxa7 26. Rf1 h6 27. g4 Ra5 28. h4 Re5 29. Ng3 g6 30. Nce2 Kg7 31. Nf4 Re3 32. Nge2 f6 33. Nd4 Be4 34. Nfe6+ dxe6 35. Nxe6+ Kf7 36. Nxf8+ Kxf8 37. Rxf6+ Kg7 38. Rf7+ 1-0

[Event "Verona op 7th"]
[Site "Verona"]
[Date "2001.01.02"]
[Round "1"]
[White "Ausmins, Elmar"]
[Black "Cristiani, Cesare"]
[Result "1-0"]
[WhiteElo "2335"]
[BlackElo "2107"]
[PlyCount "73"]
[EventDate "2001.01.02"]
[EventType "swiss"]
[EventRounds "7"]
[EventCountry "ITA"]
[SourceTitle "EXT 2024"]
[Source "ChessBase"]
[SourceDate "2023.10.10"]
[SourceVersion "1"]
[SourceVersionDate "2023.10.10"]
[SourceQuality "1"]

1. d4 Nf6 2. Nf3 e6 3. c4 c5 4. d5 exd5 5. cxd5 d6 6. Nc3 g6 7. Bg5 Bg7 8. e4 0-0 9. Nd2 a6 10. a4 Re8 11. Be2 Qc7 12. 0-0 Nbd7 13. f4 b6 14. Qe1 h6 15. Bh4 Bb7 16. Kh1 c4 17. Bxc4 Nxe4 18. Ncxe4 f5 19. Rc1 fxe4 20. Bb5 Qxc1 21. Qxc1 axb5 22. Qc7 Nc5 23. b4 e3 24. Nf3 bxa4 25. bxc5 bxc5 26. Qxb7 a3 27. Qb1 a2 28. Qxg6 a1Q 29. Rxa1 Rxa1+ 30. Ne1 Rf8 31. Qxd6 Bf6 32. Bg3 c4 33. Qe6+ Kg7 34. h4 c3 35. Kh2 Rf7 36. Nc2 Ra2 37. Nxe3 1-0

[Event "Genova op1"]
[Site "Genova"]
[Date "2001.??.??"]
[Round "3"]
[White "Cechi, Goran"]
[Black "Ausmins, Elmar"]
[Result "0-1"]
[WhiteElo "2158"]
[BlackElo "2335"]
[PlyCount "86"]
[EventDate "2001.??.19"]
[EventType "swiss"]
[EventRounds "9"]
[EventCountry "ITA"]
[SourceTitle "EXT 2002"]
[Source "ChessBase"]
[SourceDate "2001.11.25"]
[SourceVersion "1"]
[SourceVersionDate "2001.11.25"]
[SourceQuality "1"]

1. c4 g6 2. g3 Bg7 3. Bg2 d6 4. d4 c5 5. e3 cxd4 6. exd4 Qb6 7. Ne2 Nc6 8. Nbc3 Qb4 9. 0-0 Qxc4 10. Be3 Nf6 11. b3 Qa6 12. d5 Ne5 13. Nd4 0-0 14. Ndb5 Qa5 15. a3 a6 16. b4 Qd8 17. Nd4 Bg4 18. Qb3 Rc8 19. f3 Bd7 20. Rfd1 Rxc3 21. Qxc3 Nxd5 22. Qb3 Nxe3 23. Qxe3 Nc4 24. Qf2 Ba4 25. Rd3 e5 26. Rc1 exd4 27. Rxc4 Bb5 28. Rcxd4 Bxd4 29. Rxd4 Re8 30. Bf1 Bxf1 31. Kxf1 Qc7 32. Qd2 Re6 33. Kg2 Qe7 34. Kf2 b5 35. Rd5 Qa7+ 36. Rd4 Qb6 37. Kg2 Re2+ 38. Qxe2 Qxd4 39. Qe8+ Kg7 40. Qc6 Qb2+ 41. Kh3 Qxa3 42. Qxd6 Qxf3 43. Qxa6 Qf1+ 0-1

[Event "Lucca op 12th"]
[Site "Lucca"]
[Date "2000.10.15"]
[Round "6"]
[White "Ausmins, Elmar"]
[Black "Mola, Pietro"]
[Result "1-0"]
[WhiteElo "2324"]
[BlackElo "2250"]
[PlyCount "83"]
[EventDate "2000.10.07"]
[EventType "swiss"]
[EventRounds "6"]
[EventCountry "ITA"]
[SourceTitle "EXT 2002"]
[Source "ChessBase"]
[SourceDate "2001.11.25"]
[SourceVersion "1"]
[SourceVersionDate "2001.11.25"]
[SourceQuality "1"]

1. d4 Nf6 2. c4 e6 3. Nf3 b6 4. Nc3 Bb4 5. Qb3 c5 6. d5 0-0 7. Bg5 exd5 8. cxd5 d6 9. 0-0-0 Bxc3 10. bxc3 Nbd7 11. e3 a6 12. Bd3 b5 13. Qc2 Qb6 14. g4 c4 15. Bf5 Re8 16. Rd4 h6 17. h4 b4 18. cxb4 Qxb4 19. Bf4 Rb8 20. Kd1 Qa3 21. Nd2 Ne5 22. Bxc8 Rexc8 23. Bxe5 dxe5 24. Rxc4 Rd8 25. e4 Nxg4 26. Rc3 Qb4 27. Ke2 Qd4 28. Rf1 Nf6 29. Rc4 Qa7 30. Rc7 Qd4 31. Rc4 Qa7 32. Rc7 Qd4 33. Qc4 Rb2 34. Qxd4 exd4 35. f3 Rdb8 36. Rfc1 R8b4 37. R1c2 Rxc2 38. Rxc2 Nh5 39. Rc8+ Kh7 40. Rc1 Nf4+ 41. Kd1 Nd3 42. Ra1 1-0

[Event "Lucca op 12th"]
[Site "Lucca"]
[Date "2000.10.15"]
[Round "5"]
[White "Zucconi, Leandro"]
[Black "Ausmins, Elmar"]
[Result "0-1"]
[WhiteElo "2155"]
[BlackElo "2324"]
[PlyCount "95"]
[EventDate "2000.10.07"]
[EventType "swiss"]
[EventRounds "6"]
[EventCountry "ITA"]
[SourceTitle "EXT 2002"]
[Source "ChessBase"]
[SourceDate "2001.11.25"]
[SourceVersion "1"]
[SourceVersionDate "2001.11.25"]
[SourceQuality "1"]

1. Nf3 g6 2. c4 Bg7 3. g3 Nf6 4. Nc3 0-0 5. Bg2 d6 6. 0-0 a6 7. d3 c5 8. Rb1 Nc6 9. a3 a5 10. Bd2 e6 11. Qc1 Re8 12. Nb5 Na7 13. Nxa7 Rxa7 14. Bc3 b6 15. b4 e5 16. bxa5 bxa5 17. Qc2 h6 18. Rb8 Nd7 19. Rb5 a4 20. Rfb1 Ba6 21. Ra5 e4 22. Nd2 d5 23. cxd5 exd3 24. exd3 Bxd3 25. Qxd3 Rxa5 26. Bxa5 Qxa5 27. Nc4 Qa6 28. h4 Bd4 29. d6 Re6 30. Qc2 Rf6 31. Rf1 Kf8 32. Kh2 Bxf2 33. Qe4 Kg7 34. Bh3 Bd4 35. Qc2 Rxf1 36. Bxf1 Ne5 37. Qe2 Nxc4 38. Qxc4 Qxd6 39. Qxa4 Be5 40. Qg4 Qd2+ 41. Qe2 Qd4 42. Qf3 Qxh4+ 43. Kg2 Qd4 44. Bb5 c4 45. Qg4 Qc3 46. Bxc4 h5 47. Qh4 Qc2+ 48. Kf3 0-1

[Event "Lucca op 12th"]
[Site "Lucca"]
[Date "2000.10.08"]
[Round "3"]
[White "Jurkovic, Ante"]
[Black "Ausmins, Elmar"]
[Result "1-0"]
[WhiteElo "2370"]
[BlackElo "2324"]
[PlyCount "93"]
[EventDate "2000.10.07"]
[EventType "swiss"]
[EventRounds "6"]
[EventCountry "ITA"]
[SourceTitle "EXT 2002"]
[Source "ChessBase"]
[SourceDate "2001.11.25"]
[SourceVersion "1"]
[SourceVersionDate "2001.11.25"]
[SourceQuality "1"]

1. e4 c5 2. Nf3 d6 3. d4 cxd4 4. Nxd4 Nf6 5. Nc3 Nc6 6. Be3 e5 7. Nb3 Be6 8. Bg5 Be7 9. Qd2 a6 10. 0-0-0 0-0 11. Kb1 Rc8 12. Bxf6 Bxf6 13. Qxd6 Nd4 14. Qxd8 Rfxd8 15. Bd3 b5 16. Nd5 Bxd5 17. exd5 g6 18. Be4 Bg7 19. Nxd4 exd4 20. Rhe1 b4 21. Bf3 Bf6 22. Re2 a5 23. Rd3 Kf8 24. a3 Rd6 25. axb4 axb4 26. Ka2 Ra6+ 27. Kb3 Ra1 28. Red2 Rb1 29. Be4 Ke7 30. Re2 Kf8 31. Rf3 Kg7 32. Bd3 Rd8 33. Bc4 Rb8 34. Rd3 Kf8 35. Red2 Ra8 36. Rd1 Ra3+ 37. Kxb4 Be7+ 38. Kb5 Rxb2+ 39. Bb3 Bf6 40. Rf3 Kg7 41. d6 g5 42. d7 Ra8 43. Kc6 g4 44. Rf4 h5 45. Rfxd4 Bd8 46. Re4 Rb8 47. Re8 1-0

[Event "Imperia op-A 42nd"]
[Site "Imperia"]
[Date "2000.09.08"]
[Round "6"]
[White "Ausmins, Elmar"]
[Black "Barlocco, Carlo"]
[Result "1/2-1/2"]
[WhiteElo "2324"]
[BlackElo "2128"]
[PlyCount "115"]
[EventDate "2000.09.03"]
[EventType "swiss"]
[EventRounds "9"]
[EventCountry "ITA"]
[SourceTitle "EXT 2001"]
[Source "ChessBase"]
[SourceDate "2000.11.22"]
[SourceVersion "1"]
[SourceVersionDate "2000.11.22"]
[SourceQuality "1"]

1. d4 d5 2. Nf3 Bf5 3. c4 e6 4. Nc3 Nc6 5. a3 Nf6 6. Bg5 Be7 7. e3 0-0 8. h3 Ne4 9. Bf4 Bd6 10. cxd5 Nxc3 11. bxc3 exd5 12. Bxd6 Qxd6 13. Bd3 Ne7 14. 0-0 Bg6 15. Ne5 c5 16. f4 cxd4 17. cxd4 Bxd3 18. Nxd3 Nf5 19. Qf3 Qe6 20. Rfe1 b6 21. Nb4 Rfd8 22. Rac1 a5 23. Nc6 Rdc8 24. e4 Rxc6 25. exf5 Qd6 26. Rb1 Rc4 27. Qe3 h6 28. Rb5 Rac8 29. Reb1 R8c6 30. f6 Qxf6 31. Rxd5 Qg6 32. f5 Qg5 33. Qxg5 hxg5 34. Rd8+ Kh7 35. Rb5 Rc2 36. Re5 g6 37. d5 Rf6 38. fxg6+ Kxg6 39. Rg8+ Kh6 40. Rexg5 Rd2 41. Re5 Rg6 42. Rxg6+ fxg6 43. Kf1 b5 44. Ke1 Rd4 45. d6 b4 46. Rxa5 bxa3 47. Rxa3 Rxd6 48. Kf2 Rf6+ 49. Kg3 Rb6 50. Ra5 Rb4 51. Re5 Ra4 52. Kf3 Ra3+ 53. Re3 Ra4 54. Re4 Ra2 55. g4 Kg5 56. Re3 Kh4 57. Re6 Ra3+ 58. Kf2 1/2-1/2

[Event "Imperia op-A 42nd"]
[Site "Imperia"]
[Date "2000.09.06"]
[Round "4"]
[White "Stoppa, Omar"]
[Black "Ausmins, Elmar"]
[Result "1/2-1/2"]
[WhiteElo "1990"]
[BlackElo "2320"]
[PlyCount "87"]
[EventDate "2000.09.03"]
[EventType "swiss"]
[EventRounds "9"]
[EventCountry "ITA"]
[SourceTitle "EXT 2001"]
[Source "ChessBase"]
[SourceDate "2000.11.22"]
[SourceVersion "1"]
[SourceVersionDate "2000.11.22"]
[SourceQuality "1"]

1. e4 d6 2. d4 Nf6 3. Bd3 g6 4. c3 Bg7 5. Nf3 0-0 6. 0-0 c5 7. h3 Nc6 8. Be3 cxd4 9. cxd4 e5 10. d5 Nb4 11. Nc3 Nxd3 12. Qxd3 Nh5 13. g4 Nf4 14. Bxf4 exf4 15. Kh2 Bd7 16. Qd2 b5 17. a4 bxa4 18. Nxa4 Rb8 19. Nc3 Qb6 20. Qxf4 Qxb2 21. Rxa7 Qxc3 22. Rxd7 Rb3 23. Kg2 Be5 24. Qe3 Qc2 25. Rc7 Qb2 26. Qc1 Qe2 27. Qd1 Qb5 28. Nxe5 dxe5 29. Qc2 Qb4 30. Rc4 Qa3 31. Ra1 Rg3+ 32. fxg3 Qxa1 33. Rc8 Rxc8 34. Qxc8+ Kg7 35. Qc2 Qd4 36. h4 h6 37. Kh2 Kh7 38. Qe2 Kg7 39. Qf3 Qd2+ 40. Qg2 Qd1 41. Qb2 Kh7 42. Qxe5 Qd2+ 43. Kg1 Qe1+ 44. Kg2 1/2-1/2

[Event "Imperia op-A 42nd"]
[Site "Imperia"]
[Date "2000.09.05"]
[Round "3"]
[White "Ausmins, Elmar"]
[Black "Giuberchio, Cesare"]
[Result "1-0"]
[WhiteElo "2320"]
[BlackElo "1905"]
[PlyCount "51"]
[EventDate "2000.09.03"]
[EventType "swiss"]
[EventRounds "9"]
[EventCountry "ITA"]
[SourceTitle "EXT 2001"]
[Source "ChessBase"]
[SourceDate "2000.11.22"]
[SourceVersion "1"]
[SourceVersionDate "2000.11.22"]
[SourceQuality "1"]

1. d4 d5 2. Nf3 Nf6 3. c4 e6 4. Nc3 Be7 5. Bf4 0-0 6. e3 c5 7. dxc5 Bxc5 8. Qc2 Qe7 9. 0-0-0 Nc6 10. a3 e5 11. Bg5 d4 12. Nd5 Qd8 13. exd4 Bxd4 14. Bd3 Be6 15. Bxh7+ Kh8 16. Bxf6 gxf6 17. Qe4 Bxd5 18. cxd5 Qb6 19. Nxd4 Nxd4 20. Kb1 Rfd8 21. Qg4 Qb3 22. Rd3 Qc2+ 23. Ka1 Qc4 24. Be4 Nb3+ 25. Kb1 Nd2+ 26. Rxd2 1-0

[Event "Castellaneta op 4th"]
[Site "Castellaneta"]
[Date "2000.08.31"]
[Round "5"]
[White "Ausmins, Elmar"]
[Black "Curione, Francesco"]
[Result "1-0"]
[WhiteElo "2324"]
[BlackElo "2195"]
[PlyCount "70"]
[EventDate "2000.08.??"]
[EventType "swiss"]
[EventRounds "6"]
[EventCountry "ITA"]
[SourceTitle "EXT 2005"]
[Source "ChessBase"]
[SourceDate "2004.11.15"]
[SourceVersion "1"]
[SourceVersionDate "2004.11.15"]
[SourceQuality "1"]

1. d4 d6 2. e4 g6 3. f4 c5 4. d5 Bg7 5. c4 e6 6. Nc3 exd5 7. cxd5 Ne7 8. Nf3 Bg4 9. Be3 0-0 10. h3 Bxf3 11. Qxf3 Qb6 12. Qf2 Qb4 13. Qc2 f5 14. a3 Qa5 15. e5 dxe5 16. Bc4 Nc8 17. d6+ Kh8 18. 0-0-0 Nd7 19. h4 h5 20. g4 exf4 21. Bd2 Ne5 22. Nd5 Qd8 23. Nxf4 Nxd6 24. Ba2 Nb5 25. Bc3 Nd4 26. Qg2 hxg4 27. h5 Bh6 28. hxg6 Kg7 29. Rxh6 Kxh6 30. Qh2+ Kg5 31. Bxd4 Nf3 32. Ne6+ Kxg6 33. Nf4+ Kg5 34. Ne6+ Kg6 35. Qg2 cxd4 1-0

[Event "Castellaneta op 4th"]
[Site "Castellaneta"]
[Date "2000.08.29"]
[Round "2"]
[White "Ausmins, Elmar"]
[Black "Lalic, Bogdan"]
[Result "0-1"]
[WhiteElo "2324"]
[BlackElo "2520"]
[PlyCount "100"]
[EventDate "2000.08.??"]
[EventType "swiss"]
[EventRounds "6"]
[EventCountry "ITA"]
[SourceTitle "EXT 2005"]
[Source "ChessBase"]
[SourceDate "2004.11.15"]
[SourceVersion "1"]
[SourceVersionDate "2004.11.15"]
[SourceQuality "1"]

1. d4 Nf6 2. Nf3 e6 3. c4 Nc6 4. a3 d6 5. Nc3 g6 6. e4 Bg7 7. Be2 0-0 8. 0-0 Re8 9. Re1 e5 10. dxe5 dxe5 11. Qxd8 Nxd8 12. Nd5 Ne6 13. Nxf6+ Bxf6 14. Be3 c5 15. b4 b6 16. bxc5 bxc5 17. Rab1 Ba6 18. Nd2 Nd4 19. Bxd4 cxd4 20. Bd3 Be7 21. Rb3 Rab8 22. Reb1 Rxb3 23. Rxb3 Rc8 24. Kf1 Kg7 25. Ke2 Rc5 26. g3 Bg5 27. Nf3 Bd8 28. Rb8 Bb6 29. Nd2 Ra5 30. Nb1 Ra4 31. Re8 Bxc4 32. Rxe5 Ba2 33. Re7 Bxb1 34. Bxb1 Rxa3 35. e5 d3+ 36. Bxd3 Ra2+ 37. Kd1 Rxf2 38. e6 Kf8 39. Rxf7+ Rxf7 40. exf7 Kxf7 41. Ba6 Bg1 42. Ke2 Bxh2 43. Kf2 Ke7 44. Kg2 Bxg3 45. Kxg3 Kd6 46. Kf4 h6 47. Bd3 g5+ 48. Kg4 a5 49. Bc2 Kc5 50. Kh5 Kb4 0-1

[Event "Genova op 4th"]
[Site "Genova"]
[Date "2000.08.13"]
[Round "8"]
[White "Grigore, George Gabriel"]
[Black "Ausmins, Elmar"]
[Result "1-0"]
[WhiteElo "2508"]
[BlackElo "2324"]
[PlyCount "123"]
[EventDate "2000.08.07"]
[EventType "swiss"]
[EventRounds "11"]
[EventCountry "ITA"]
[SourceTitle "EXT 2001"]
[Source "ChessBase"]
[SourceDate "2000.11.22"]
[SourceVersion "1"]
[SourceVersionDate "2000.11.22"]
[SourceQuality "1"]

1. d4 Nf6 2. c4 e6 3. Nc3 d5 4. cxd5 exd5 5. Bg5 Nbd7 6. e3 c6 7. Bd3 Be7 8. Qc2 0-0 9. Nf3 Re8 10. 0-0 Nf8 11. h3 Ne4 12. Bf4 Nxc3 13. bxc3 Bd6 14. Bxd6 Qxd6 15. c4 dxc4 16. Bxc4 Be6 17. Rfc1 Bd5 18. Bxd5 Qxd5 19. Rab1 Re7 20. Rb4 Rc8 21. Nd2 Ne6 22. Qb3 Qxb3 23. Nxb3 Rd7 24. a4 g6 25. a5 Rcc7 26. f3 f5 27. Kf2 Rd5 28. Rc3 Kf7 29. e4 Rdd7 30. Ke3 Kf6 31. Rbc4 a6 32. Nc5 Nxc5 33. Rxc5 fxe4 34. fxe4 Ke6 35. Rc1 Kd6 36. h4 Rf7 37. d5 Rfe7 38. Kd4 Re5 39. dxc6 Rxc5 40. Rxc5 bxc6 41. h5 Rb7 42. hxg6 hxg6 43. Rg5 Rb4+ 44. Ke3 Rb5 45. Rxg6+ Kd7 46. g4 Rxa5 47. g5 Ra1 48. Kd4 a5 49. Ke5 a4 50. Rg7+ Ke8 51. Rc7 a3 52. Rxc6 a2 53. Rc2 Kf7 54. Rf2+ Kg6 55. Kf4 Kg7 56. Kf5 Kf7 57. g6+ Kg7 58. e5 Rg1 59. Rxa2 Rf1+ 60. Ke6 Rg1 61. Rd2 Rxg6+ 62. Kd7 1-0

[Event "Martinez op-A"]
[Site "Cannes"]
[Date "2000.08.03"]
[Round "6"]
[White "Ausmins, Elmar"]
[Black "Marciano, David"]
[Result "1/2-1/2"]
[WhiteElo "2324"]
[BlackElo "2522"]
[PlyCount "88"]
[EventDate "2000.07.29"]
[EventType "swiss"]
[EventRounds "9"]
[EventCountry "FRA"]
[SourceTitle "EXT 2001"]
[Source "ChessBase"]
[SourceDate "2000.11.22"]
[SourceVersion "1"]
[SourceVersionDate "2000.11.22"]
[SourceQuality "1"]

1. d4 Nf6 2. Nf3 d5 3. c4 e6 4. Nc3 Bb4 5. Qa4+ Nc6 6. e3 0-0 7. a3 Bxc3+ 8. bxc3 Re8 9. Bb2 e5 10. cxd5 Nxd5 11. dxe5 Nb6 12. Qf4 Qd5 13. Rd1 Qa2 14. Ba1 Be6 15. Bd3 Bc4 16. 0-0 Bxd3 17. Rxd3 Rad8 18. e6 fxe6 19. Rxd8 Nxd8 20. Qxc7 Qxa3 21. c4 Qe7 22. Qf4 Nc6 23. h4 Qf7 24. Qxf7+ Kxf7 25. Ng5+ Kg8 26. c5 Nd7 27. Ne4 Rc8 28. Rd1 Ncb8 29. Kh2 h6 30. Nd6 Rxc5 31. Nxb7 Rd5 32. Rc1 Kh7 33. f4 a5 34. Bc3 a4 35. Bd4 a3 36. Nd8 e5 37. fxe5 Nxe5 38. Ne6 Nbc6 39. Ba1 Rd6 40. Nd4 Nxd4 41. Bxd4 Nc6 42. Bc5 Rd3 43. Bxa3 Rxa3 44. Rxc6 Rxe3 1/2-1/2